000 00587nam a2200205Ia 4500
999 _c10915
_d10915
003 0100
005 20181024122122.0
008 130303s9999 xx 000 0 und d
020 _a809129280
040 _cARRUPELIB
050 _aBS2595.3.K54 1988
100 _aKilgallen. John J.
_942788
245 2 _aA brief commentary on the Gospel of Luke
_cJohn J. Kilgallen
260 _aNew York
_bPaulist Press
_c1988
300 _avi, 233p. ;
_c20cm
650 _bBible. N.T. Luke
_xCommentaries
_915294
700 _aJohn J.Kilgallen
_943119
942 _2lcc
_cMONOGRAPH